Migrantes /
Guardado en:
| Autor Principal: | |
|---|---|
| Formato: | Libro |
| Idioma: | Undetermined |
| Publicado: |
Buenos Aires :
Libros del zorro rojo,
2021.
|
| Materias: | |
| Etiquetas: |
Agregar Etiqueta
Sin Etiquetas, Sea el primero en etiquetar este registro!
|
| LEADER | 00628nam a22002175a 4500 | ||
|---|---|---|---|
| 001 | CEM.cems019550 | ||
| 008 | 220914s2021####ag############000#0#und#d | ||
| 005 | 20220915085942.0 | ||
| 245 | 1 | 0 | |a Migrantes / |c Issa Watanabe. |
| 260 | |a Buenos Aires : |b Libros del zorro rojo, |c 2021. | ||
| 300 | |a 36 p. | ||
| 020 | |a 9789874429544 | ||
| 100 | 1 | |a Watanabe, Issa. | |
| 653 | |a Literatura | ||
| 653 | |a Literatura Peruana | ||
| 653 | |a Cuentos | ||
| 653 | |a Cuentos Peruanos | ||
| 653 | |a Literatura Juvenil | ||
| 653 | |a Literatura Infantil | ||
| 653 | |a Libros Álbum | ||
| 859 | |a CEMS |b BIB. CEMS - Inicial y Primaria |h Pe868.4 |i W29 |k IP |p 6472 |t Ej.1 | ||
